000
00278nam a2200109Ia 4500
008
190911s9999||||xx |||||||||||||| ||und||
100
_a
Stone,Harold S.
245
0
_a
High-Performance Computer Architecture
260
_a
New York
_b
Mc Graw Hill
_c
1993
300
_a
512
942
_c
BK
999
_c
6646
_d
6646